[Event "Bonne Annee"]
[Site "Levis CAN"]
[Date "2000.01.08"]
[Round "2"]
[White "Tremblay, Sylvain"]
[Black "Dion, Jean-Francois"]
[Result "1-0"]
[WhiteElo "2219"]
[BlackElo "1753"]
[PlyCount "93"]
[GameId "2160767911741502"]
[EventDate "2000.01.07"]
[EventType "swiss"]
[EventRounds "5"]
[EventCountry "CAN"]
[SourceTitle "EXT 2022"]
[Source "ChessBase"]
[SourceDate "2021.10.06"]
[SourceVersion "1"]
[SourceVersionDate "2021.10.06"]
[SourceQuality "1"]

1. e4 d6 2. d4 Nf6 3. Nc3 c6 4. Nf3 Bg4 5. Be2 Qc7 6. Be3 e6 7. h3 Bxf3 8. Bxf3 d5 9. exd5 cxd5 10. O-O Bb4 11. Ne2 Nc6 12. a3 Bd6 13. b4 a6 14. Nc1 O-O 15. Nb3 Nd7 16. Nc5 Nb6 17. Be2 Ne7 18. Bd3 Rfe8 19. Re1 Ng6 20. Rb1 Nf4 21. Bf1 Re7 22. Rb3 Rae8 23. Qf3 f6 24. Rc3 Qb8 25. Rb1 Ng6 26. Rd1 e5 27. Qg4 e4 28. Qf5 Nf8 29. Rb1 Ne6 30. Rcb3 Bf4 31. a4 Bxe3 32. fxe3 Qg3 33. a5 Nc4 34. Nxe4 dxe4 35. Bxc4 Kh8 36. Bxe6 Rxe6 37. c4 g6 38. Qf2 Qc7 39. c5 Qc6 40. b5 axb5 41. Rxb5 Qc7 42. d5 Ra6 43. d6 Qd8 44. Rxb7 Rxa5 45. Qh4 h5 46. Qf4 g5 47. Qf5 1-0

[Event "Bonne Annee"]
[Site "Levis CAN"]
[Date "2000.01.08"]
[Round "3"]
[White "Auger, Bertrand"]
[Black "Tessier, Olivier"]
[Result "1-0"]
[WhiteElo "2040"]
[BlackElo "1952"]
[PlyCount "53"]
[GameId "2160767911741503"]
[EventDate "2000.01.07"]
[EventType "swiss"]
[EventRounds "5"]
[EventCountry "CAN"]
[SourceTitle "EXT 2022"]
[Source "ChessBase"]
[SourceDate "2021.10.06"]
[SourceVersion "1"]
[SourceVersionDate "2021.10.06"]
[SourceQuality "1"]

1. Nf3 c5 2. g3 Nf6 3. b3 g6 4. Bg2 Bg7 5. Bb2 d5 6. O-O Nc6 7. d4 cxd4 8. Nxd4 Nxd4 9. Bxd4 O-O 10. Qc1 Bf5 11. Qb2 Rc8 12. Na3 b5 13. Rac1 b4 14. Nb1 Bh6 15. e3 Ne4 16. g4 Bd7 17. h3 f6 18. f4 e5 19. fxe5 fxe5 20. Rxf8+ Kxf8 21. Rf1+ Kg8 22. Bxe5 Bxe3+ 23. Kh2 Bc6 24. c3 bxc3 25. Nxc3 Nxc3 26. Qxc3 d4 27. Qc4+ 1-0

[Event "Bonne Annee"]
[Site "Levis CAN"]
[Date "2000.01.08"]
[Round "3"]
[White "Servant, Michel"]
[Black "Tremblay, Sylvain"]
[Result "0-1"]
[WhiteElo "1738"]
[BlackElo "2219"]
[PlyCount "104"]
[GameId "2160767911741504"]
[EventDate "2000.01.07"]
[EventType "swiss"]
[EventRounds "5"]
[EventCountry "CAN"]
[SourceTitle "EXT 2022"]
[Source "ChessBase"]
[SourceDate "2021.10.06"]
[SourceVersion "1"]
[SourceVersionDate "2021.10.06"]
[SourceQuality "1"]

1. c4 Nf6 2. g3 g6 3. Bg2 Bg7 4. Nf3 O-O 5. O-O d6 6. Nc3 Nc6 7. d3 a6 8. Bd2 h6 9. Rb1 e5 10. h3 Rb8 11. b4 b5 12. cxb5 axb5 13. Qc1 Kh7 14. Nxb5 Rxb5 15. Qxc6 Bd7 16. Qc2 c6 17. a4 Rb8 18. g4 Nd5 19. g5 Nf4 20. Bxf4 exf4 21. gxh6 Kxh6 22. Qc4 Qf6 23. e4 Rfc8 24. Rfe1 Be6 25. Qc2 Qc3 26. Rec1 Rxb4 27. Rxb4 Qxb4 28. Rb1 Qc3 29. Qd1 Ba2 30. Rb7 Ra8 31. Nh2 Qa1 32. Qxa1 Bxa1 33. e5 dxe5 34. Bxc6 Rc8 35. Rb6 Bd4 36. Ra6 Bb1 37. Be4 Rc1+ 38. Kg2 Rc2 39. Ng4+ Kg7 40. Rf6 Rxf2+ 41. Nxf2 Kxf6 42. a5 Ke6 43. Bb7 f5 44. Kf3 Kd6 45. h4 Bxf2 46. Kxf2 Bxd3 47. Bc8 e4 48. Ke1 e3 49. Bb7 Kc7 50. Bd5 Be4 51. Bc4 f3 52. a6 Kb6 0-1

[Event "Bonne Annee"]
[Site "Levis CAN"]
[Date "2000.01.09"]
[Round "4"]
[White "Auger, Bertrand"]
[Black "Larochelle, Martial"]
[Result "0-1"]
[WhiteElo "2040"]
[BlackElo "2176"]
[PlyCount "42"]
[GameId "2160767911741505"]
[EventDate "2000.01.07"]
[EventType "swiss"]
[EventRounds "5"]
[EventCountry "CAN"]
[SourceTitle "EXT 2022"]
[Source "ChessBase"]
[SourceDate "2021.10.06"]
[SourceVersion "1"]
[SourceVersionDate "2021.10.06"]
[SourceQuality "1"]

1. b4 e5 2. Bb2 Bxb4 3. Bxe5 Nf6 4. Nf3 d5 5. e3 O-O 6. c4 Re8 7. Bb2 c5 8. cxd5 Nxd5 9. Be2 Nc6 10. O-O Ba5 11. a3 Bc7 12. Nc3 a6 13. d4 cxd4 14. Nxd5 Qxd5 15. Nxd4 Qd6 16. Nf3 Qg6 17. Bd3 Qh6 18. Rc1 Bg4 19. h3 Be6 20. Nd4 Bxh3 21. Qf3 Bg4 0-1

[Event "Bonne Annee"]
[Site "Levis CAN"]
[Date "2000.01.09"]
[Round "4"]
[White "Tremblay, Sylvain"]
[Black "Champetier, Serge"]
[Result "1-0"]
[WhiteElo "2219"]
[BlackElo "2074"]
[PlyCount "83"]
[GameId "2160767911741506"]
[EventDate "2000.01.07"]
[EventType "swiss"]
[EventRounds "5"]
[EventCountry "CAN"]
[SourceTitle "EXT 2022"]
[Source "ChessBase"]
[SourceDate "2021.10.06"]
[SourceVersion "1"]
[SourceVersionDate "2021.10.06"]
[SourceQuality "1"]

1. e4 d6 2. d4 Nf6 3. Nc3 g6 4. Nf3 Bg7 5. Be2 O-O 6. O-O Bg4 7. Be3 Nc6 8. d5 Bxf3 9. Bxf3 Ne5 10. Be2 c6 11. f4 Ned7 12. dxc6 bxc6 13. Qd2 Qc7 14. Rad1 Rad8 15. Bf3 Nb6 16. b3 d5 17. e5 Nfd7 18. Ne2 e6 19. Qa5 Rc8 20. Rc1 c5 21. c4 d4 22. Bd2 f6 23. exf6 Bxf6 24. Ng3 e5 25. f5 e4 26. Bxe4 Be5 27. fxg6 Nf6 28. Bf5 Rce8 29. gxh7+ Kh8 30. Bh6 Bxg3 31. hxg3 Qxg3 32. Qxc5 Rf7 33. Qxd4 Re2 34. Bh3 Nbd7 35. Bf4 Qg6 36. Rce1 Rxa2 37. Be5 Rg7 38. Rf2 Rxf2 39. Qxf2 Nxe5 40. Rxe5 Qb1+ 41. Re1 Qxh7 42. Qxf6 1-0

[Event "Bonne Annee"]
[Site "Levis CAN"]
[Date "2000.01.09"]
[Round "5"]
[White "Tessier, Olivier"]
[Black "Tremblay, Sylvain"]
[Result "0-1"]
[WhiteElo "1952"]
[BlackElo "2219"]
[PlyCount "186"]
[GameId "2160767911741507"]
[EventDate "2000.01.07"]
[EventType "swiss"]
[EventRounds "5"]
[EventCountry "CAN"]
[SourceTitle "EXT 2022"]
[Source "ChessBase"]
[SourceDate "2021.10.06"]
[SourceVersion "1"]
[SourceVersionDate "2021.10.06"]
[SourceQuality "1"]

1. e4 c6 2. d4 d5 3. Nc3 dxe4 4. Nxe4 Bf5 5. Ng3 Bg6 6. Nf3 e6 7. h4 h6 8. h5 Bh7 9. Bd3 Bxd3 10. Qxd3 Nd7 11. Bf4 Qa5+ 12. Bd2 Qc7 13. O-O-O Ngf6 14. Kb1 Bd6 15. Ne2 O-O-O 16. c4 c5 17. Qc2 Kb8 18. Nc3 a6 19. b3 Ka8 20. Bc1 cxd4 21. Nxd4 Bc5 22. f3 Qe5 23. Nce2 Qc7 24. Bb2 Nb8 25. Bc3 Bb6 26. Qb2 Nbd7 27. Nc2 Rhg8 28. Ne1 Nc5 29. Rd4 Rxd4 30. Bxd4 Qd8 31. Qc2 Qe7 32. Nd3 Nxd3 33. Bxb6 Nb4 34. Qd2 Nc6 35. Be3 Rd8 36. Qc1 Qd7 37. Bb6 Qd3+ 38. Qc2 Nb4 39. Qxd3 Rxd3 40. Ba5 Nc6 41. Kc2 Re3 42. Kd2 Rxe2+ 43. Kxe2 Nxa5 44. g4 Kb8 45. Kf2 Kc7 46. Kg3 Nc6 47. Rd1 e5 48. Rd2 Nd4 49. Rh2 Kd6 50. b4 b5 51. cxb5 axb5 52. a4 Nd5 53. axb5 Nxb4 54. Rb2 Ndc2 55. Rb3 Nd5 56. b6 Ncb4 57. Rb1 Kc6 58. Re1 f6 59. Rc1+ Kb7 60. Ra1 Nxb6 61. Rd1 N4d5 62. Rc1 Nd7 63. Rd1 Kc6 64. Ra1 Kd6 65. Ra8 Ke6 66. Ra6+ Ke7 67. Ra4 Nf4 68. Ra8 Ne2+ 69. Kf2 Nd4 70. Rg8 Kf7 71. Rc8 Ne6 72. Kg3 g6 73. hxg6+ Kxg6 74. Rc4 Ndc5 75. Rc2 h5 76. gxh5+ Kxh5 77. Rh2+ Kg5 78. Rc2 f5 79. Re2 f4+ 80. Kg2 Kf5 81. Rc2 Nd3 82. Re2 Ng5 83. Rd2 Ne1+ 84. Kh1 Nexf3 85. Rd8 e4 86. Rf8+ Kg4 87. Re8 e3 88. Re7 Nd4 89. Re8 e2 90. Re7 Kf3 91. Kg1 Ne4 92. Kh2 e1=Q 93. Rxe4 Qg3+ 0-1

[Event "British Columbia ch"]
[Site "Vancouver CAN"]
[Date "2000.04.20"]
[Round "1"]
[White "Berry, Jonathan"]
[Black "Poitras, Luc"]
[Result "1-0"]
[WhiteElo "2272"]
[BlackElo "2101"]
[PlyCount "53"]
[GameId "2160767911724616"]
[EventDate "2000.04.20"]
[EventType "tourn"]
[EventRounds "9"]
[EventCountry "CAN"]
[SourceTitle "The Week in Chess 286"]
[Source "Mark Crowther"]
[SourceDate "2000.05.01"]
[SourceVersion "1"]
[SourceVersionDate "2000.05.01"]
[SourceQuality "2"]

1. d4 d5 2. c4 e6 3. cxd5 exd5 4. Nc3 Be7 5. Bf4 c6 6. e3 f5 7. Bd3 Nf6 8. Qc2 Ne4 9. f3 Nxc3 10. bxc3 O-O 11. Ne2 Bg5 12. O-O g6 13. e4 b6 14. Rae1 Bxf4 15. Nxf4 Qd6 16. Qd2 Na6 17. exd5 cxd5 18. Bxa6 Bxa6 19. Re6 Qd7 20. Rfe1 Rf7 21. Qe3 Bc4 22. Qe5 Bxa2 23. Rd6 Qc7 24. Nxg6 hxg6 25. Rxg6+ Kh7 26. Qg3 Qxc3 27. Qh4+ 1-0

[Event "British Columbia ch"]
[Site "Vancouver CAN"]
[Date "2000.04.20"]
[Round "1"]
[White "Milicevic, Dragoljub"]
[Black "Herder, David"]
[Result "1/2-1/2"]
[WhiteElo "2184"]
[BlackElo "2263"]
[PlyCount "116"]
[GameId "2160767911724618"]
[EventDate "2000.04.20"]
[EventType "tourn"]
[EventRounds "9"]
[EventCountry "CAN"]
[SourceTitle "CBM 075 Extra"]
[Source "ChessBase"]
[SourceDate "2000.05.11"]
[SourceVersion "2"]
[SourceVersionDate "2000.05.11"]
[SourceQuality "1"]

1. g3 c5 2. Bg2 Nc6 3. c4 Nf6 4. Nc3 e5 5. d3 d6 6. e4 h6 7. Nge2 g5 8. Bd2 Bg7 9. a3 Be6 10. Nd5 Qd7 11. h4 g4 12. b4 Nh5 13. Rb1 b6 14. Qc1 Rc8 15. b5 Bxd5 16. cxd5 Nd4 17. Nxd4 cxd4 18. Qd1 O-O 19. O-O f5 20. exf5 Qxf5 21. Be4 Qd7 22. a4 Nf6 23. Bg2 Rc7 24. Rc1 Rxc1 25. Qxc1 Rc8 26. Qa3 Rc2 27. Bb4 Bf8 28. Rc1 Rxc1+ 29. Qxc1 Ne8 30. Be4 Kf7 31. Bd2 h5 32. Bg5 Qc7 33. Qc6 Bg7 34. Bg6+ Kxg6 35. Qxe8+ Qf7 36. Qxf7+ Kxf7 37. Kf1 Bf6 38. Bd2 Kg6 39. Ke2 Kf5 40. f3 Bd8 41. Bh6 Be7 42. Kf2 Kg6 43. Bd2 Kf5 44. Bb4 Kg6 45. fxg4 hxg4 46. a5 Kf5 47. axb6 axb6 48. Bd2 e4 49. dxe4+ Kxe4 50. h5 Kxd5 51. h6 Kc4 52. Ke2 Bf6 53. Bf4 d3+ 54. Kd2 Bc3+ 55. Ke3 Bb2 56. Kd2 Bf6 57. Be3 Bc3+ 58. Kd1 Kxb5 1/2-1/2

[Event "British Columbia ch"]
[Site "Vancouver CAN"]
[Date "2000.04.20"]
[Round "1"]
[White "Zuk, Robert"]
[Black "Pechisker, Alfred"]
[Result "1/2-1/2"]
[WhiteElo "2291"]
[BlackElo "2035"]
[PlyCount "64"]
[GameId "2160767911724620"]
[EventDate "2000.04.20"]
[EventType "tourn"]
[EventRounds "9"]
[EventCountry "CAN"]
[SourceTitle "CBM 075 Extra"]
[Source "ChessBase"]
[SourceDate "2000.05.11"]
[SourceVersion "2"]
[SourceVersionDate "2000.05.11"]
[SourceQuality "1"]

1. c4 c5 2. Nc3 Nc6 3. g3 g6 4. Bg2 Bg7 5. d3 e6 6. e4 Nge7 7. Nge2 O-O 8. O-O a6 9. Be3 Nd4 10. Qd2 Rb8 11. Bf4 d6 12. Nxd4 Bxd4 13. Bh6 Re8 14. Ne2 Nc6 15. Nxd4 Nxd4 16. Bg5 f6 17. Be3 b5 18. Rab1 e5 19. b3 Bd7 20. f4 bxc4 21. bxc4 Rb6 22. Rb2 Qc7 23. fxe5 fxe5 24. Rxb6 Qxb6 25. Qf2 Be6 26. Bh6 Qd8 27. Bh3 Qe7 28. Bxe6+ Nxe6 29. Qb2 Qc7 30. Rb1 Kf7 31. Be3 Ke7 32. Kg2 Kd7 1/2-1/2

[Event "British Columbia ch"]
[Site "Vancouver CAN"]
[Date "2000.04.21"]
[Round "2"]
[White "Berry, Jonathan"]
[Black "Zuk, Robert"]
[Result "1/2-1/2"]
[WhiteElo "2272"]
[BlackElo "2291"]
[PlyCount "62"]
[GameId "2160767911724621"]
[EventDate "2000.04.20"]
[EventType "tourn"]
[EventRounds "9"]
[EventCountry "CAN"]
[SourceTitle "CBM 075 Extra"]
[Source "ChessBase"]
[SourceDate "2000.05.11"]
[SourceVersion "2"]
[SourceVersionDate "2000.05.11"]
[SourceQuality "1"]

1. d4 Nf6 2. Nf3 e6 3. Bg5 d5 4. e3 c6 5. Nbd2 Nbd7 6. Be2 Be7 7. O-O O-O 8. c4 dxc4 9. Nxc4 Nd5 10. Bxe7 Qxe7 11. Qd2 Rd8 12. Rfd1 N7b6 13. Na5 Rb8 14. a3 Bd7 15. Rac1 Be8 16. e4 Nf6 17. Bd3 Nbd7 18. e5 Nd5 19. Ng5 Nf8 20. g3 Rbc8 21. Nc4 Rc7 22. Ne4 f6 23. Re1 Bg6 24. Ned6 Bxd3 25. Qxd3 f5 26. b4 Nd7 27. Rc2 N7b6 28. Ne3 Nxe3 29. fxe3 Nc8 30. Nxc8 Rdxc8 31. Rec1 a6 1/2-1/2

[Event "British Columbia ch"]
[Site "Vancouver CAN"]
[Date "2000.04.21"]
[Round "2"]
[White "Pechisker, Alfred"]
[Black "Milicevic, Dragoljub"]
[Result "0-1"]
[WhiteElo "2035"]
[BlackElo "2184"]
[PlyCount "78"]
[GameId "2160767911724623"]
[EventDate "2000.04.20"]
[EventType "tourn"]
[EventRounds "9"]
[EventCountry "CAN"]
[SourceTitle "The Week in Chess 286"]
[Source "Mark Crowther"]
[SourceDate "2000.05.01"]
[SourceVersion "1"]
[SourceVersionDate "2000.05.01"]
[SourceQuality "2"]

1. d4 d6 2. c4 f5 3. Nf3 g6 4. b3 Bg7 5. Bb2 c6 6. Nbd2 Nf6 7. g3 O-O 8. Bg2 h6 9. Qc2 Nh5 10. e4 f4 11. Nh4 Qe8 12. e5 g5 13. Ng6 Bf5 14. Be4 Qxg6 15. Bxf5 Rxf5 16. O-O-O g4 17. Rhe1 d5 18. cxd5 cxd5 19. h3 Nc6 20. hxg4 Qxg4 21. f3 Qg5 22. g4 Rff8 23. gxh5 Nb4 24. Qg6 Qxg6 25. hxg6 Nd3+ 26. Kc2 Nxe1+ 27. Rxe1 Rf5 28. Rh1 Rc8+ 29. Kd3 Rc6 30. Nb1 Rxg6 31. Nc3 e6 32. Ne2 h5 33. Bc1 Bh6 34. Rh4 Rg3 35. Nxg3 fxg3 36. f4 g2 37. Be3 Bxf4 38. Bg1 Bg3 39. Rh3 h4 0-1

[Event "British Columbia ch"]
[Site "Vancouver CAN"]
[Date "2000.04.21"]
[Round "3"]
[White "Milicevic, Dragoljub"]
[Black "Berry, Jonathan"]
[Result "1/2-1/2"]
[WhiteElo "2184"]
[BlackElo "2272"]
[PlyCount "140"]
[GameId "2160767911724627"]
[EventDate "2000.04.20"]
[EventType "tourn"]
[EventRounds "9"]
[EventCountry "CAN"]
[SourceTitle "The Week in Chess 286"]
[Source "Mark Crowther"]
[SourceDate "2000.05.01"]
[SourceVersion "1"]
[SourceVersionDate "2000.05.01"]
[SourceQuality "2"]

1. Nf3 Nf6 2. g3 b6 3. Bg2 Bb7 4. O-O e6 5. c4 c5 6. Nc3 Be7 7. Re1 a6 8. e4 d6 9. d4 cxd4 10. Nxd4 Qc7 11. Be3 O-O 12. Rc1 Re8 13. f4 Nfd7 14. Nd5 exd5 15. cxd5 Qd8 16. Nc6 Bxc6 17. dxc6 Nc5 18. b4 Nxc6 19. bxc5 dxc5 20. e5 Qc7 21. Qa4 b5 22. Qe4 Rac8 23. Bxc5 Bxc5+ 24. Rxc5 Qb6 25. Qe3 Nd4 26. Rd5 Red8 27. Rd1 Rxd5 28. Bxd5 Ne2+ 29. Kf2 Qxe3+ 30. Kxe3 Nc3 31. Rd2 Nxd5+ 32. Rxd5 Kf8 33. Rd6 Rc3+ 34. Rd3 Rc2 35. Rd2 Rc3+ 36. Rd3 Rc2 37. Ra3 Rc6 38. Kd4 Ke7 39. Rc3 Rb6 40. Rc7+ Ke6 41. g4 f5 42. Kc5 Rb8 43. Rc6+ Kd7 44. Rd6+ Ke7 45. gxf5 Rf8 46. Rxa6 Rxf5 47. Kd5 Rxf4 48. Ra7+ Kd8 49. Rxg7 Rh4 50. Kd6 Rd4+ 51. Ke6 Rh4 52. Rg8+ Kc7 53. Rg2 Kd8 54. Rd2+ Ke8 55. Rc2 Rh6+ 56. Kd5 Kd7 57. Rf2 b4 58. Ke4 Ke7 59. Rc2 Kd7 60. Kf5 Ke7 61. Re2 Rh3 62. Rg2 Rh5+ 63. Kf4 Ke6 64. Re2 Rf5+ 65. Kg4 Rxe5 66. Rb2 Rb5 67. Rb3 Ra5 68. Rxb4 Rxa2 69. h4 Kf6 70. Rb6+ Kg7 1/2-1/2

[Event "British Columbia ch"]
[Site "Vancouver CAN"]
[Date "2000.04.21"]
[Round "3"]
[White "Yoos, John"]
[Black "Sokourinski, Sergei"]
[Result "1-0"]
[WhiteElo "2371"]
[BlackElo "2125"]
[PlyCount "105"]
[GameId "2160767911724629"]
[EventDate "2000.04.20"]
[EventType "tourn"]
[EventRounds "9"]
[EventCountry "CAN"]
[SourceTitle "CBM 075 Extra"]
[Source "ChessBase"]
[SourceDate "2000.05.11"]
[SourceVersion "2"]
[SourceVersionDate "2000.05.11"]
[SourceQuality "1"]

1. e4 c6 2. d4 d5 3. e5 Nh6 4. Nc3 g6 5. Bf4 Qb6 6. Qd2 Nf5 7. O-O-O Qa5 8. Kb1 b5 9. e6 b4 10. exf7+ Kxf7 11. Nce2 Nd7 12. Nf3 h6 13. h4 Bg7 14. g4 Nd6 15. Bxd6 exd6 16. Qf4+ Ke7 17. Ng3 Rf8 18. Qe3+ Kd8 19. g5 h5 20. Bd3 Nb6 21. Rde1 Kc7 22. Qe7+ Bd7 23. Qxg7 Rxf3 24. Re7 Rd8 25. b3 Qa3 26. Qxg6 Rxf2 27. Nf5 Nc8 28. Rf7 a5 29. Ng7 Rxf7 30. Qxf7 Kb6 31. Nxh5 a4 32. Qf4 axb3 33. cxb3 Kc7 34. Nf6 Nb6 35. Qc1 Qa7 36. g6 Ra8 37. Rh2 Nc4 38. bxc4 Qxd4 39. Qf1 b3 40. Nxd7 bxa2+ 41. Rxa2 Rxa2 42. Kxa2 dxc4 43. Bxc4 d5 44. Qd3 Qxh4 45. g7 dxc4 46. Qe2 Qh3 47. g8=Q Qb3+ 48. Ka1 Qa3+ 49. Kb1 Qb3+ 50. Kc1 Qc3+ 51. Kd1 Qa1+ 52. Kd2 c3+ 53. Ke3 1-0

[Event "British Columbia ch"]
[Site "Vancouver CAN"]
[Date "2000.04.21"]
[Round "3"]
[White "Zuk, Robert"]
[Black "Poitras, Luc"]
[Result "1/2-1/2"]
[WhiteElo "2291"]
[BlackElo "2101"]
[PlyCount "81"]
[GameId "2160767911724630"]
[EventDate "2000.04.20"]
[EventType "tourn"]
[EventRounds "9"]
[EventCountry "CAN"]
[SourceTitle "CBM 075 Extra"]
[Source "ChessBase"]
[SourceDate "2000.05.11"]
[SourceVersion "2"]
[SourceVersionDate "2000.05.11"]
[SourceQuality "1"]

1. d4 f5 2. g3 Nf6 3. Bg2 e6 4. c4 d5 5. Nf3 Be7 6. O-O O-O 7. b3 c6 8. Ba3 Bd7 9. Bxe7 Qxe7 10. Nbd2 Be8 11. Qc2 Nbd7 12. Qb2 Bh5 13. e3 Ne4 14. Rfc1 g5 15. Ne1 Nxd2 16. Qxd2 Bg6 17. f4 g4 18. Nd3 Rfd8 19. Rc2 Bf7 20. Rac1 h5 21. cxd5 exd5 22. Ne5 Nxe5 23. fxe5 Be6 24. Bf1 Kg7 25. b4 a6 26. a4 Bd7 27. Rb2 Kg6 28. Bd3 h4 29. Qf2 hxg3 30. hxg3 Rh8 31. Qf4 Qg5 32. Qxg5+ Kxg5 33. Rh2 Rxh2 34. Kxh2 b5 35. a5 Kg6 36. Kg2 Rh8 37. Rf1 Be6 38. Rf4 Kg5 39. Rf1 Kg6 40. Rf4 Kg5 41. Rf1 1/2-1/2

[Event "British Columbia ch"]
[Site "Vancouver CAN"]
[Date "2000.04.22"]
[Round "4"]
[White "Poitras, Luc"]
[Black "Sokourinski, Sergei"]
[Result "1/2-1/2"]
[WhiteElo "2101"]
[BlackElo "2125"]
[PlyCount "26"]
[GameId "2160767911724634"]
[EventDate "2000.04.20"]
[EventType "tourn"]
[EventRounds "9"]
[EventCountry "CAN"]
[SourceTitle "The Week in Chess 286"]
[Source "Mark Crowther"]
[SourceDate "2000.05.01"]
[SourceVersion "1"]
[SourceVersionDate "2000.05.01"]
[SourceQuality "2"]

1. e4 c6 2. d4 d5 3. Nc3 g6 4. exd5 cxd5 5. g3 Nf6 6. Bg2 Bg7 7. Nge2 Nc6 8. O-O O-O 9. Bg5 Bg4 10. Bxf6 Bxf6 11. Nxd5 Bxd4 12. c3 Bg7 13. h3 Bxe2 1/2-1/2

[Event "British Columbia ch"]
[Site "Vancouver CAN"]
[Date "2000.04.22"]
[Round "4"]
[White "Zuk, Robert"]
[Black "Milicevic, Dragoljub"]
[Result "1/2-1/2"]
[WhiteElo "2291"]
[BlackElo "2184"]
[PlyCount "54"]
[GameId "2160767911724635"]
[EventDate "2000.04.20"]
[EventType "tourn"]
[EventRounds "9"]
[EventCountry "CAN"]
[SourceTitle "CBM 075 Extra"]
[Source "ChessBase"]
[SourceDate "2000.05.11"]
[SourceVersion "2"]
[SourceVersionDate "2000.05.11"]
[SourceQuality "1"]

1. c4 f5 2. Nc3 Nf6 3. g3 g6 4. Bg2 e5 5. d3 Bg7 6. Nf3 d6 7. Rb1 a5 8. O-O O-O 9. a3 Nh5 10. Qc2 f4 11. b4 g5 12. b5 Be6 13. Nd2 c6 14. bxc6 bxc6 15. Nde4 Na6 16. Na4 Ra7 17. Rb6 Nb8 18. Bd2 g4 19. Rfb1 Ra8 20. Rb7 Nf6 21. Nxf6+ Qxf6 22. Be1 f3 23. Bf1 fxe2 24. Qxe2 Nd7 25. Bg2 d5 26. Nb6 Nc5 27. Nxa8 Nxb7 1/2-1/2

[Event "British Columbia ch"]
[Site "Vancouver CAN"]
[Date "2000.04.22"]
[Round "5"]
[White "Milicevic, Dragoljub"]
[Black "Poitras, Luc"]
[Result "1-0"]
[WhiteElo "2184"]
[BlackElo "2101"]
[PlyCount "57"]
[GameId "2160767911724637"]
[EventDate "2000.04.20"]
[EventType "tourn"]
[EventRounds "9"]
[EventCountry "CAN"]
[SourceTitle "The Week in Chess 286"]
[Source "Mark Crowther"]
[SourceDate "2000.05.01"]
[SourceVersion "1"]
[SourceVersionDate "2000.05.01"]
[SourceQuality "2"]

1. Nf3 f5 2. c4 Nf6 3. d4 e6 4. Nc3 d5 5. e3 Be7 6. h3 O-O 7. Qb3 c6 8. Bd3 Ne4 9. Qc2 Nd7 10. O-O Bd6 11. b3 Rf6 12. Ne2 Rh6 13. Bb2 Qf6 14. Bxe4 fxe4 15. Nh2 Qg5 16. f4 exf3 17. Rxf3 Nf6 18. Raf1 Bd7 19. Nf4 e5 20. dxe5 Bxe5 21. Bxe5 Qxe5 22. Nd3 Qe7 23. cxd5 cxd5 24. Qc7 b6 25. Qf4 Ne4 26. Rc1 Nd2 27. Rf2 Rf6 28. Qd4 Rxf2 29. Nxf2 1-0

[Event "British Columbia ch"]
[Site "Vancouver CAN"]
[Date "2000.04.22"]
[Round "5"]
[White "Yoos, John"]
[Black "Pechisker, Alfred"]
[Result "1-0"]
[WhiteElo "2371"]
[BlackElo "2035"]
[PlyCount "89"]
[GameId "2160767911724640"]
[EventDate "2000.04.20"]
[EventType "tourn"]
[EventRounds "9"]
[EventCountry "CAN"]
[SourceTitle "CBM 075 Extra"]
[Source "ChessBase"]
[SourceDate "2000.05.11"]
[SourceVersion "2"]
[SourceVersionDate "2000.05.11"]
[SourceQuality "1"]

1. e4 c6 2. d4 d5 3. e5 Bf5 4. Nc3 e6 5. g4 Bg6 6. Nge2 Bb4 7. h4 h5 8. Nf4 Ne7 9. Nxg6 fxg6 10. Bg5 Nd7 11. Qd3 Nf8 12. a3 Qa5 13. Bd2 Kd7 14. O-O-O Bxc3 15. Bxc3 Qb6 16. f3 hxg4 17. fxg4 g5 18. h5 Nfg6 19. Bd2 Nf4 20. Bxf4 gxf4 21. Be2 Raf8 22. Rdf1 c5 23. Qd2 Nc6 24. dxc5 Qxc5 25. Rxf4 Nxe5 26. Kb1 Rf7 27. Rxf7+ Nxf7 28. Qf4 Nd6 29. Qg5 Qd4 30. Rf1 Re8 31. Rd1 Qf6 32. Qe3 a6 33. g5 Qf5 34. Bd3 Qg4 35. Rh1 Ne4 36. Bxe4 Qxe4 37. Qxe4 dxe4 38. Kc1 Rh8 39. Kd2 Kd6 40. h6 gxh6 41. gxh6 Ke5 42. Ke3 Rh7 43. Rh5+ Kf6 44. Kxe4 Kg6 45. Rh2 1-0

[Event "British Columbia ch"]
[Site "Vancouver CAN"]
[Date "2000.04.23"]
[Round "6"]
[White "Berry, Jonathan"]
[Black "Yoos, John"]
[Result "1-0"]
[WhiteElo "2272"]
[BlackElo "2371"]
[PlyCount "131"]
[GameId "2160767911724641"]
[EventDate "2000.04.20"]
[EventType "tourn"]
[EventRounds "9"]
[EventCountry "CAN"]
[SourceTitle "CBM 075 Extra"]
[Source "ChessBase"]
[SourceDate "2000.05.11"]
[SourceVersion "2"]
[SourceVersionDate "2000.05.11"]
[SourceQuality "1"]

1. d4 Nf6 2. Nf3 g6 3. Bg5 Bg7 4. Nbd2 O-O 5. c3 h6 6. Bh4 d6 7. e4 Nbd7 8. Bd3 e5 9. O-O Qe7 10. Re1 Re8 11. Qc2 Qf8 12. Nc4 Nh5 13. dxe5 dxe5 14. Nfd2 Nf4 15. Bf1 h5 16. b4 Ne6 17. f3 Bh6 18. Nb3 Bg5 19. Bf2 Qh6 20. a4 h4 21. a5 a6 22. Rad1 Bf4 23. Ne3 Nf6 24. Ng4 Nxg4 25. fxg4 Bg5 26. h3 Qf8 27. Bc4 Rb8 28. Ba7 Ra8 29. Qf2 Nf4 30. Be3 Qe7 31. Nc5 Rb8 32. Rd2 Rd8 33. Red1 Rxd2 34. Qxd2 Kh7 35. Kh1 Kg7 36. Nd3 Be6 37. Nxe5 Bxc4 38. Bxf4 Bb5 39. Bxg5 Qxe5 40. Qd4 Re8 41. Bxh4 Qxd4 42. Rxd4 Bc6 43. Bd8 Bxe4 44. Bxc7 Bc6 45. g5 f5 46. gxf6+ Kxf6 47. Rf4+ Kg7 48. Bb6 Re2 49. Rf2 Re1+ 50. Kh2 Be4 51. Bd4+ Kg8 52. Kg3 Bd3 53. Kh4 Re7 54. Kg5 Rf7 55. Rxf7 Kxf7 56. g4 Bc2 57. h4 Bd3 58. h5 gxh5 59. gxh5 Ke6 60. h6 Bh7 61. c4 Bd3 62. c5 Kf7 63. b5 axb5 64. c6 bxc6 65. a6 c5 66. a7 1-0

[Event "British Columbia ch"]
[Site "Vancouver CAN"]
[Date "2000.04.23"]
[Round "6"]
[White "Pechisker, Alfred"]
[Black "Sokourinski, Sergei"]
[Result "0-1"]
[WhiteElo "2035"]
[BlackElo "2125"]
[PlyCount "62"]
[GameId "2160767911724643"]
[EventDate "2000.04.20"]
[EventType "tourn"]
[EventRounds "9"]
[EventCountry "CAN"]
[SourceTitle "The Week in Chess 286"]
[Source "Mark Crowther"]
[SourceDate "2000.05.01"]
[SourceVersion "1"]
[SourceVersionDate "2000.05.01"]
[SourceQuality "2"]

1. d4 d5 2. c4 c6 3. Nf3 Nf6 4. Nc3 dxc4 5. a4 Bf5 6. e3 e6 7. Bxc4 Bb4 8. O-O Nbd7 9. Bd2 Bd6 10. Re1 Ne4 11. Nxe4 Bxe4 12. Bc3 O-O 13. Nd2 Bg6 14. e4 e5 15. d5 Qe7 16. dxc6 bxc6 17. Qe2 Rab8 18. f3 Kh8 19. Bd3 Nc5 20. Bc2 Ne6 21. Nb3 Nf4 22. Qf1 Bc7 23. a5 f6 24. a6 Rb5 25. Nd2 Bf7 26. Ba4 Rbb8 27. Kh1 Rfd8 28. Bc2 Qc5 29. g3 Rxd2 30. Bxd2 Qxc2 31. Be3 Rxb2 0-1